000 00353nam a2200157Ia 4500
999 _c878
_d878
003 OSt
005 20190912155050.0
008 190722s9999 xx 000 0 und d
020 _a9780-07-015156-7
040 _cmaju
100 _aMichael J.Etzel
245 0 _aMarketing
260 _aNew Delhi
_bMcGraw Hill
_c2014
300 _a880
942 _cBK
_2ddc